00319nam a2200121Ia 4500100002000000650002700020490000600047654004400053245004500097260003000142082001300172546001200185 aAnalog devices  aElectrical Engineering vI aData converter reference manual vol-I aData Converter Reference Manual- Vol-I bAnalog devicesaUSAc1992 a621.3817 aENGLISH